| 000 | 00670cam a2200217 4500500 | ||
|---|---|---|---|
| 005 | 20260405002611.0 | ||
| 041 | _afre | ||
| 042 | _adc | ||
| 100 | 1 | 0 |
_aLegros, Martin _eauthor |
| 245 | 0 | 0 | _aCatherine Malabou. Le plastique, c’est fantastique ! |
| 260 | _c2017. | ||
| 500 | _a42 | ||
| 690 | _aCatherine Malabou | ||
| 690 | _aCerveau | ||
| 690 | _achangement | ||
| 690 | _aIntelligence Artificielle | ||
| 690 | _aPlasticité | ||
| 690 | _aPlastique | ||
| 786 | 0 | _nPhilosophie magazine | 115 | 12-1 | 2017-12-01 | p. 27-28 | 1951-1787 | |
| 856 | 4 | 1 | _uhttps://shs.cairn.info/magazine-philosophie-magazine-2017-12-1-page-27?lang=fr&redirect-ssocas=7080 |
| 999 |
_c2059190 _d2059190 |
||